The thirteenth pearl / (Record no. 130976)

MARC details
000 -LEADER
fixed length control field 00560nam a22002177a 4500
005 - DATE AND TIME OF LATEST TRANSACTION
control field 20170124110120.0
010 ## - LIBRARY OF CONGRESS CONTROL NUMBER
LC control number A-392436
020 ## - INTERNATIONAL STANDARD BOOK NUMBER
Terms of availability 00.00
International Standard Book Number 0448095564
035 ## - SYSTEM CONTROL NUMBER
System control number A-392436
037 ## - SOURCE OF ACQUISITION
Source of stock number/acquisition Cen Lib/Ret
040 ## - CATALOGING SOURCE
Original cataloging agency DPL
Language of cataloging EN
082 ## - DEWEY DECIMAL CLASSIFICATION NUMBER
Classification number N
Item number KEE
100 ## - MAIN ENTRY--PERSONAL NAME
Personal name Keene, Carolyn
9 (RLIN) 29635
245 ## - TITLE STATEMENT
Title The thirteenth pearl /
Statement of responsibility, etc by Carolyn Keene
260 ## - PUBLICATION, DISTRIBUTION, ETC. (IMPRINT)
Name of publisher, distributor, etc Grosset & Dunlap Publishers
Date of publication, distribution, etc 1979
Place of publication, distribution, etc New York
270 ## - ADDRESS
City New York
300 ## - PHYSICAL DESCRIPTION
Extent 179p.
Dimensions 17cm(Hb)
650 ## - SUBJECT ADDED ENTRY--TOPICAL TERM
Topical term or geographic name as entry element Literature
9 (RLIN) 6262
650 ## - SUBJECT ADDED ENTRY--TOPICAL TERM
Topical term or geographic name as entry element Novel
9 (RLIN) 22513
942 ## - ADDED ENTRY ELEMENTS (KOHA)
Source of classification or shelving scheme Dewey Decimal Classification
Koha item type English Books
Classification part N
Call number suffix KEE
Holdings
Withdrawn status Lost status Damaged status Not for loan Home library Current library Date acquired Source of acquisition Cost, normal purchase price Total Checkouts Full call number Barcode Date last seen Copy number Cost, replacement price Price effective from Koha item type Public note
Written off       Central Library Central Library 11/07/2015 Cen Lib/Ret 0.00   N KEE A-392436 11/07/2015 1 0.00 11/07/2015 English Books W/d List No. 6850/10 : dtd 18/7/20

© Delhi Public Library
Hit Counter
free hit counter